| 000 | 00517cam a2200193ua 4500 | ||
|---|---|---|---|
| 001 | 10279 | ||
| 005 | 20260515114612.0 | ||
| 008 | 180224n ii |||gr||||Z||||||eng | ||
| 020 | _a9789327238556 | ||
| 040 | _cMAIN | ||
| 082 | _a332.0954 | ||
| 100 |
_aGupta, Shashi K, _eAuthor. |
||
| 245 |
_aIndian financial system _cBy Shashi K Gupta and others |
||
| 260 |
_aLudhiana: _bKalyani, _c2014. |
||
| 653 | _aFinancial economics | ||
| 700 |
_aAgarwal, Nisha, _eAuthor. |
||
| 700 |
_aGupta, Neeti, _eAuthor. |
||
| 942 | _cBK | ||
| 999 |
_c9265 _d9265 |
||